000 00766 a2200241 4500
999 _c6558
_d6558
020 _a9781429276351
050 _aQP518
_bBER 2012
100 _aBerg , Jeremy M
_eauthor
245 _aBiochemistry /
_cJeremy M Berg; John L Tymoczko; Lubert Stryer
250 _aInternational Seventh Edition
264 _aNew York :
_bW.H. Freeman,
_cc2012
300 _axxxii,1 098pages. :
_bcolour illustrations
336 _2rdacontent
_atext
_btxt
337 _2rdamedia
_aunmediated
_bn
338 _2rdacarrier
_avolume
_bnc
500 _aincludes index
505 _a.
520 _a.
650 _a Biochemistry -- Textbooks.
700 _aTymoczko, John L.
_eauthor
700 _aStryer, Lubert
_eauthor
942 _2lcc
_cBK
_h518
_iBER
_kQP
_eInternational Seventh Edition